Index to plays : (Record no. 249342)

MARC details
000 -LEADER
fixed length control field 00901nam a2200289 a 4500
001 - CONTROL NUMBER
control field vtls000292572
003 - CONTROL NUMBER IDENTIFIER
control field NLI
005 - DATE AND TIME OF LATEST TRANSACTION
control field 20210602131018.0
008 - FIXED-LENGTH DATA ELEMENTS--GENERAL INFORMATION
fixed length control field 101203s1927 nyu b 000 d eng
020 ## - INTERNATIONAL STANDARD BOOK NUMBER
Terms of availability USD 3.00
039 #9 - LEVEL OF BIBLIOGRAPHIC CONTROL AND CODING DETAIL [OBSOLETE]
-- 201012031934
-- VLOAD
040 0# - CATALOGING SOURCE
Original cataloging agency NLI
Language of cataloging eng
Transcribing agency Entertech-FY 2010
Description conventions AACR2
041 0# - LANGUAGE CODE
Language code of text/sound track or separate title eng
044 ## - COUNTRY OF PUBLISHING/PRODUCING ENTITY CODE
MARC country code nyu
082 04 - DEWEY DECIMAL CLASSIFICATION NUMBER
Classification number 016.822
245 00 - TITLE STATEMENT
Title Index to plays :
Remainder of title supplement /
Statement of responsibility, etc. compiled by Ina Ten Eyck Firkins
260 ## - PUBLICATION, DISTRIBUTION, ETC.
Place of publication, distribution, etc. New York :
Name of publisher, distributor, etc. H. W. Wilson,
Date of publication, distribution, etc. 1927
300 ## - PHYSICAL DESCRIPTION
Extent 140 p. ;
Dimensions 26 cm.
650 #0 - SUBJECT ADDED ENTRY--TOPICAL TERM
Topical term or geographic name entry element Drama
Form subdivision Bibliography
9 (RLIN) 268738
700 1# - ADDED ENTRY--PERSONAL NAME
Personal name Firkins, Ina Ten Eyck
Dates associated with a name 1866-1937,
Relationship com
9 (RLIN) 449020
887 ## - NON-MARC INFORMATION FIELD
Content of non-MARC field
901 ## - LOCAL DATA ELEMENT A, LDA (RLIN)
a 15306
b 2.5.1940
902 ## - LOCAL DATA ELEMENT B, LDB (RLIN)
a E/O 016.822 F 516
949 ## - LOCAL PROCESSING INFORMATION (OCLC)
-- VIRTUAITEM
-- 10000
-- 100
6 PUR000015306ENG
942 ## - ADDED ENTRY ELEMENTS (KOHA)
Source of classification or shelving scheme Dewey Decimal Classification
Koha item type Books
Holdings
Withdrawn status Lost status Damaged status Not for loan Collection code Home library Current library Shelving location Date acquired Total Checkouts Full call number Barcode Date last seen Price effective from Koha item type
        New English Oversized National Library of India National Library of India New English Oversized - Main Stack Division     E/O 016.822 F 516 PUR000015306ENG 02/06/2021 02/06/2021 Books
                                                                           
web counter

Copyright ©2020 The National Library of India, Govt. of India ↔ Hosted by NVLI, MOC ↔ Technology and Design by National Library of India, Ministry of Culture, Govt. of India